| 000 | 02294cam a22004574i 4500 | ||
|---|---|---|---|
| 003 | PE-LiUPU | ||
| 005 | 20250731165426.0 | ||
| 008 | 160203s2013 pe grm 000 0 spa d | ||
| 035 | _a(Sirsi) a155887 | ||
| 040 |
_aPE-LiUPU _bspa _cPE-LiUPU _erda |
||
| 099 |
_aTPS 2 _bR74 2013 |
||
| 100 | 1 |
_aRodríguez Amaro, Eder Apolos _eautor |
|
| 245 | 1 |
_aPropiedades psicométricas del inventario de depresión de Beck en estudiantes de 5to. año de educación de Huancayo, 2013 / _cEder Apolos Rodrígrez Amaro. |
|
| 264 | 0 | _c2013. | |
| 300 |
_a74 hojas _c30 cm |
||
| 336 |
_atext _2rdacontent |
||
| 337 |
_aunmediated _2rdamedia |
||
| 338 |
_avolume _2rdacarrier |
||
| 502 |
_aTesis _b(Lic.) -- _cUniversidad Peruana Unión, _d2013. |
||
| 504 | _aIncluye referencias | ||
| 520 | 3 | _aEl objetivo de la investigación fue determinar las propiedades psicométricas del inventario de Depresión de Beck (BDI-IIA) en un grupo de 300 adolescentes varones y mujeres de 10 Instituciones Educativas Estatales de la Provincia de Huancayo. La edad de los participantes fue entre 16 y 18 años. La validez de constructo fue evaluada por medio del análisis factorial exploratorio y confirmatorio. Los resultados obtenidos señalan que el modelo propuesto inicialmente, que consiste en dos factores cognitivo-afectivo y somático - motivacional, también es confirmado en el presente estudio. Asimismo se observa un total de alfa de Crobach de .891. Además buenos índices de ajuste, saturaciones elevadas e índices de consistencia interna adecuados para ambas dimensiones. Por lo cual, se concluye que el inventario posee adecuados niveles de fiabilidad y validez en la muestra estudiada. | |
| 526 | _aSEG44 | ||
| 526 | _aSEG26 | ||
| 526 | _aP151 | ||
| 526 | _aP150 | ||
| 526 | _aP149 | ||
| 526 | _aP146 | ||
| 526 | _aP145 | ||
| 526 | _aP126 | ||
| 526 | _aP125 | ||
| 526 | _aP92 | ||
| 526 | _aP75 | ||
| 526 | _aP74 | ||
| 526 | _aP27 | ||
| 526 | _aP15 | ||
| 650 | 0 | 4 |
_aDepresión en adolescentes _xEvaluación _vTesis. |
| 650 | 0 | 4 |
_aInventario de depresión de Beck _vTesis. |
| 596 | _a1 | ||
| 942 |
_2ddc _cTESIS |
||
| 999 |
_aTPS 2 R74 2013 _wALPHANUM _c8563 _iT01546 _lCCODEBUL3 _mBUL _r1 _sY _tTESIS _u2016-2-3 _xSALUD _PP33 _o.STAFF. Tesis _d8563 |
||
| 980 |
_81 _gALBERTO SANCHEZ Responsable de Automatización |
||